[Event "BRA CEAX op 2nd "]
[Site "Brazil"]
[Date "2003.07.05"]
[Round "3"]
[White "Mascarenhas, E."]
[Black "Rogai, M."]
[Result "0-1"]
[WhiteElo "1733"]
[BlackElo "1800"]
[PlyCount "36"]
[EventDate "2003.07.??"]
[EventType "swiss"]
[EventRounds "6"]
[EventCountry "BRA"]
[SourceTitle "EXT 2006"]
[Source "ChessBase"]
[SourceDate "2005.11.24"]
[SourceVersion "1"]
[SourceVersionDate "2005.11.24"]
[SourceQuality "1"]

1. e4 e5 2. Nf3 Nc6 3. Nc3 Nf6 4. Bb5 Bc5 5. d3 Ng4 6. Be3 d6 7. Bxc5 dxc5 8. Bxc6+ bxc6 9. d4 cxd4 10. Na4 0-0 11. 0-0 Bb7 12. h3 Nf6 13. Nxe5 Qd6 14. f4 Nxe4 15. c3 c5 16. Re1 Nf6 17. cxd4 Qd5 18. dxc5 Qxg2# 0-1

[Event "BRA CEAX op 2nd "]
[Site "Brazil"]
[Date "2003.07.05"]
[Round "2"]
[White "Rogai, M."]
[Black "Gomes, Antonio Jose"]
[Result "0-1"]
[WhiteElo "1800"]
[BlackElo "1764"]
[PlyCount "26"]
[EventDate "2003.07.??"]
[EventType "swiss"]
[EventRounds "6"]
[EventCountry "BRA"]
[SourceTitle "EXT 2006"]
[Source "ChessBase"]
[SourceDate "2005.11.24"]
[SourceVersion "1"]
[SourceVersionDate "2005.11.24"]
[SourceQuality "1"]

1. d4 Nf6 2. Nc3 c6 3. Nf3 d5 4. e3 h6 5. Bd3 Qc7 6. e4 dxe4 7. Nxe4 Nxe4 8. Bxe4 Nd7 9. b3 Nf6 10. Bd3 Nd5 11. Qd2 Bg4 12. Be2 e6 13. c4 Bb4 0-1

[Event "BRA CEAX op 2nd "]
[Site "Brazil"]
[Date "2003.07.05"]
[Round "4"]
[White "Rogai, M."]
[Black "Laquini, B."]
[Result "0-1"]
[WhiteElo "1800"]
[BlackElo "1815"]
[PlyCount "76"]
[EventDate "2003.07.??"]
[EventType "swiss"]
[EventRounds "6"]
[EventCountry "BRA"]
[SourceTitle "EXT 2006"]
[Source "ChessBase"]
[SourceDate "2005.11.24"]
[SourceVersion "1"]
[SourceVersionDate "2005.11.24"]
[SourceQuality "1"]

1. d4 Nf6 2. c4 g6 3. Bd2 Bg7 4. Nf3 d6 5. Nc3 0-0 6. Bf4 Nc6 7. e3 Bg4 8. Be2 Re8 9. 0-0 Nb4 10. a3 Na6 11. Qb3 Qc8 12. Rae1 c5 13. d5 b6 14. Qc2 Nc7 15. Qd3 Qd7 16. e4 Rad8 17. e5 Nh5 18. Qe3 Nxf4 19. Qxf4 Bxf3 20. Bxf3 Bxe5 21. Qe4 Qf5 22. Qe2 e6 23. Bg4 Qf4 24. g3 Qf6 25. Ne4 Qg7 26. Qf3 exd5 27. cxd5 Nxd5 28. Re2 Nf6 29. Nxf6+ Qxf6 30. Qe3 Re7 31. Kg2 Rde8 32. h4 Bd4 33. Qd2 Rxe2 34. Bxe2 Bxb2 35. f3 Qe5 36. Re1 Bc3 37. Bb5 Bxd2 38. Rxe5 Rxe5 0-1

[Event "BRA CEAX op 1st "]
[Site "Brazil"]
[Date "2003.03.23"]
[Round "5"]
[White "Gerhardt, Reinaldo C"]
[Black "Rogai, M."]
[Result "1-0"]
[WhiteElo "1800"]
[BlackElo "1800"]
[PlyCount "61"]
[EventDate "2003.03.21"]
[EventType "swiss"]
[EventRounds "6"]
[EventCountry "BRA"]
[SourceTitle "EXT 2006"]
[Source "ChessBase"]
[SourceDate "2005.11.24"]
[SourceVersion "1"]
[SourceVersionDate "2005.11.24"]
[SourceQuality "1"]

1. d4 d5 2. c4 e6 3. Nf3 Nc6 4. Nbd2 Bb4 5. c5 Nge7 6. a3 Bxd2+ 7. Bxd2 0-0 8. e3 b6 9. b4 Nf5 10. Be2 Qe7 11. 0-0 e5 12. dxe5 Nxe5 13. Nxe5 Qxe5 14. Bg4 Bb7 15. Bxf5 Qxf5 16. Qf3 Bc8 17. Qxf5 Bxf5 18. Rae1 Rad8 19. Bc3 Rfe8 20. Rd1 h5 21. Rfe1 Re6 22. f3 Rg6 23. e4 Be6 24. Be5 c6 25. Bc7 Rd7 26. Be5 h4 27. Kf2 f6 28. Bd4 Rf7 29. cxb6 Rb7 30. bxa7 Rxa7 31. Bxa7 1-0

[Event "BRA CEAX op 1st "]
[Site "Brazil"]
[Date "2003.03.22"]
[Round "2"]
[White "Rogai, M."]
[Black "Almeida, Vitor Mauricio"]
[Result "1-0"]
[WhiteElo "1800"]
[BlackElo "1800"]
[PlyCount "41"]
[EventDate "2003.03.21"]
[EventType "swiss"]
[EventRounds "6"]
[EventCountry "BRA"]
[SourceTitle "EXT 2006"]
[Source "ChessBase"]
[SourceDate "2005.11.24"]
[SourceVersion "1"]
[SourceVersionDate "2005.11.24"]
[SourceQuality "1"]

1. d4 d5 2. c4 Nf6 3. e3 e6 4. Nf3 Be7 5. Nbd2 Bb4 6. Qa4+ Nc6 7. Be2 0-0 8. 0-0 Bd7 9. Qc2 Bxd2 10. Bxd2 Qe7 11. Bd3 g6 12. h3 Kg7 13. a3 b6 14. b4 a6 15. Rab1 Na7 16. Qd1 dxc4 17. Bc2 b5 18. e4 Bc6 19. Re1 Bb7 20. d5 Rad8 21. Bg5 1-0